000 00671nam a22002057a 4500
999 _c77610
_d77610
005 20210421095537.0
008 s2559 th j tha d
020 _a9786167939032
040 _aNALT
041 _atha
090 _aSC
_bว459น 2559
100 0 _aวาด รวี
_910327
245 1 0 _aในลวงใจ [2nd]
260 3 _aกรุงเทพฯ :
_bไซน์พับลิชชิ่งเฮ้าส์,
_c2559
300 _a359 หน้า ;
_b 18 ซม.
650 0 4 _aความเรียง
_910328
850 _aNALT
942 _cSHT
_2local
998 _j104
_k สายฝน ดีงาม